Handbook of research methods and applications in economic geography
Na minha lista:
| Outros Autores: | , , |
|---|---|
| Formato: | Livro |
| Idioma: | inglês |
| Publicado em: |
Cheltenham
Edward Elgar
2016
|
| Colecção: | Handbooks of research methods and applications
|
| Assuntos: | |
| Tags: |
Sem tags, seja o primeiro a adicionar uma tag!
|
MARC
| LEADER | 00000nam a2200000 4500 | ||
|---|---|---|---|
| 001 | 0222583 | ||
| 005 | 20240313132951.3 | ||
| 020 | |a 978-1-78347-902-3 | ||
| 041 | 0 | |a eng | |
| 044 | |a GB | ||
| 245 | 1 | 0 | |a Handbook of research methods and applications in economic geography |c edited by Charlie Karlsson, Martin Andersson, Therese Norman |
| 264 | 1 | |a Cheltenham |b Edward Elgar |c 2016 | |
| 300 | |a xi, 648 s. | ||
| 490 | 1 | |a Handbooks of research methods and applications | |
| 830 | 0 | |a Handbooks of research methods and applications | |
| 610 | 2 | 0 | |a geografia hospodárska |
| 610 | 2 | 0 | |a metódy výskumu |
| 610 | 2 | 0 | |a ekonometria |
| 610 | 2 | 0 | |a regióny ekonomické |
| 610 | 2 | 0 | |a kapitál |
| 610 | 2 | 0 | |a USA |
| 610 | 2 | 0 | |a migrácia |
| 700 | 1 | |a Karlsson, Charlie | |
| 700 | 1 | |a Andersson, Martin | |
| 700 | 1 | |a Norman, Therese | |